000 01065nam a2200277 a 4500
001 000010719
003 DO-SdBNP
005 20260313092005.0
008 091009s2004 dr r f000 0 spa d
040 _aDO-SdBNP
_bspa
_cBNPHU
082 _a362.29
_bR426n, 2004
110 1 _aRepública Dominicana.
_b Secretaria de Estado de Salud Pública y Asistencia Social (2001)
_956549
245 1 0 _aNormas mínimas de atención en salud al uso, abuso y dependencia a sustancias /
_cpresentación José Rodríguez Soldevila.
260 _aSanto Domingo :
_bSESPAS,
_c2004.
300 _a88 p. ;
_c22 cm.
490 1 _aNormas nacionales
_v26
504 _aBibliografía : p. 87-88
590 _aInventariado, 2018/BT
650 0 _aAbuso de substancias
_xPrevención y control
_913929
650 0 _aAbuso de drogas
_xPrevención
_925929
650 4 _aSalud pública
_xRepública dominicana
_xNormas
_925930
700 1 2 _aRodríguez Soldevila, José
_925931
830 0 _aNormas nacionales
_n26
_925932
910 _aValidado. Control de calidad. MFF
942 _2ddc
_cLBS1
999 _c10474
_d10474